000 01597nam0a2200349 4500
001 RU\NLR\BIBL_A\011797976
005 20181008142648.0
010 _a978-5-9524-5322-7
_d1500 экз.
021 _aRU
_bКН-П-18-062151
_9КН-П-18-4474
035 _a(NLR Aleph) 011797976
035 _a(RuMoRGB)009718990
090 _a11856743
_c11856743
100 _a20180924d2018 u y0rusy50 ca
101 1 _arus
_cger
102 _aRU
105 _aa|||zzzz0|0zd
200 1 _aРусская военная кампания. Опыт Второй мировой войны, 1941-1945
_fЭйке Миддельдорф
_g[перевод с немецкого С. Ю. Чупрова]
210 _aМосква
_cЦентрполиграф
_d2018
215 _a414, [1] с.
_cил., табл.
_d21
225 1 _aЗа линией фронта
_iВоенная история
300 _aНа обороте тит. л. авт.: немецкий военный историк, офицер вермахта и генерал-майор бундесвера Эйке Миддельдорф
333 _a16+
455 1 _12000#$aTaktik im Russlandfeldzug
_1700#0$aMiddeldorf, Eike
606 1 _aВеликая Отечественная война
_z1941 - 1945
_jВоспоминания, записки и т.п
_2nlr_sh1
_2nlr_sh2
_3RU\NLR\AUTH\668893
686 1 _aТ3(2)722
686 1 _aЦ35(2)722-2,2(4Г),013
700 1 _aМиддельдорф
_bЭ.
_gЭйке
942 _cBOOK
980 _aNBR
980 _aNB